00694nam a22001937a 450000500170000001000150001702000260003203500140005803700130007208200110008524501400009626000780023627000490031430000250036350000410038870000230042970000230045270000250047520190527150227.0 aENG-125327 c500.00a9788185835691 aEN-108859 bDBAD/PUB a327.58 aCentral Asia and its neighbours :ced. by Rashpal Malhotra, Sucha Singh Gill [and] Davinder K.Madanbprospects of India's cooperation / aChandigarhbCentre for research in rural and industrial developmentc2014 aSector 19 A, Madhya MargbChandigarhe160019 axvii,308p.c25cm(Hb) aIncludes bibliographical references. aMalhotra,Rashpal,  aGill, Sucha Singh  aMadan,Davinder Kumar